000
00358nam a2200133Ia 4500
008
231129s2007||||xx |||||||||||||| ||spa||
020
_a
978-84-7647-378-8
082
_a
863.5 L563m
100
_a
León Gregorio.
245
0
_a
Murciélagos en un burdel
260
_c
2007
264
_a
Madrid : Algaida.
942
_2
ddc
_c
BKS
999
_c
21503
_d
21503